| 000 | 00980nam a22002537a 4500 | ||
|---|---|---|---|
| 003 | OSt | ||
| 005 | 20210405154414.0 | ||
| 008 | 210405s1988 ck ao||gr|||| 00| 0 spa d | ||
| 020 | _a9586141624 ( obra completa) | ||
| 020 | _a9586141640 (tomo 1) | ||
| 020 | _a9586141632 (tomo 2) | ||
| 040 |
_aCO-JMCR _cCO-JMCR |
||
| 041 | 0 | _aspa | |
| 082 | 0 | 4 |
_aR / 920.0861 / _bP453f _223 |
| 100 | 1 |
_aPerozzo, Carlos, _eautor _936615 |
|
| 245 | 1 | 0 |
_aForjadores de Colombia contemporánea: _blos 81 personajes que más han influido en la formación de nuestro país / _cPerozzo, Carlos, Bustos Tovar, Eugenio de, Flórez, Renán |
| 260 |
_aBogotá : _bPlaneta, _c1988. |
||
| 300 |
_a2 volúmenes : _bilustraciones y fotografías en blanco y negro ; _c25 cm. |
||
| 500 | _aIncluye índice alfabético al final de cada tomo. | ||
| 650 | 1 | 4 |
_aBiografía _zColombia _936616 |
| 700 |
_aBustos Tovar, Eugenio de, _eautor _936617 |
||
| 700 |
_aFlórez, Renán _eautor _936618 |
||
| 942 |
_2ddc _cBK |
||
| 999 |
_c15515 _d15515 |
||